00389nam a2200133Ia 4500008004100000100002500041245002200066260000900088300003400097440002400131650000900155999001900164952007200183180117s9999 xx 000 0 und d aby Maricris D Martin aStories from Home c2017 a14-16 pages, 2017 November 12 aPhilippine Panorama aHOME c353297d353297 001040aCLbCLd2018-01-17l0r2018-01-17 00:00:00w2018-01-17ySE